| 000 | 00853cam a22002533a 4500 | ||
|---|---|---|---|
| 001 | 28557 | ||
| 003 | PGUSA | ||
| 005 | 20140828083621.0 | ||
| 008 | 090411s2009||||xxu|||||s|||||000 | eng d | ||
| 040 |
_aPGUSA _beng |
||
| 042 | _adc | ||
| 050 | 4 | _aPZ | |
| 100 | 1 |
_aCaldecott, Randolph, _d1846-1886 |
|
| 245 | 1 | 4 |
_aThe Panjandrum Picture Book _h[electronic resource] / _cRandolph Caldecott |
| 260 |
_bProject Gutenberg, _c2009 |
||
| 505 | 0 | _aCome lasses and lads -- Ride a cock-horse to Banbury Cross -- A farmer went trotting upon his grey mare -- Mrs. Mary Blaize -- The great Panjandrum himself. | |
| 506 | _aPublic domain in the USA. | ||
| 516 | _aElectronic text | ||
| 653 | _aNursery rhymes | ||
| 653 | _aPicture books for children | ||
| 830 | 0 |
_aProject Gutenberg _v28557 |
|
| 856 | 4 | 0 | _uhttp://www.gutenberg.org/ebooks/28557 |
| 942 | _cEB | ||
| 999 |
_c257812 _d257812 |
||